000 00518nam a22002417a 4500
003 UA-OsUOA
001 22389
007 ta
008 20031219b un ||||| |||| 00| 0 ukr d
100 _aАсмус В.
090 _a141.131
_bА90
942 _cBK
040 _aUA-OsUOA
_brus
_cUA-OsUOA
_dUA-OsUOA
245 _aПлатон
300 _a224 с.
955 _a0
041 _arus
080 _a141.131
260 _aМосква
_bМысль
_c1975
044 _aRU
650 7 _2UDC
999 _c308607
_d308607